• AIU
  • Tony Wilmot Memorial Library

501 German verbs fully conjugated in all the tenses. : (Record no. 37005)

MARC details
000 -LEADER
fixed length control field 00616nam a22001931a 4500
003 - CONTROL NUMBER IDENTIFIER
control field NEGST
005 - DATE AND TIME OF LATEST TRANSACTION
control field 20110718132354.0
008 - FIXED-LENGTH DATA ELEMENTS--GENERAL INFORMATION
fixed length control field 030714s1990 nyu 001 0 eng d
020 ## - INTERNATIONAL STANDARD BOOK NUMBER
International Standard Book Number 0 8120 4433
100 1# - MAIN ENTRY--PERSONAL NAME
Personal name Strutz, Heary.
245 10 - TITLE STATEMENT
Title 501 German verbs fully conjugated in all the tenses. :
Remainder of title alphabeticaly arranged. /
Statement of responsibility, etc Heary. Strutz.
Medium [Text]
250 ## - EDITION STATEMENT
Edition statement 2nd ed.
260 ## - PUBLICATION, DISTRIBUTION, ETC. (IMPRINT)
Place of publication, distribution, etc Hauppauge, N.Y.
Name of publisher, distributor, etc Barron's Educational series inc.
Date of publication, distribution, etc 1990
300 ## - PHYSICAL DESCRIPTION
Extent XXXIV, 526p.
490 0# - SERIES STATEMENT
Series statement Barron's Educational Series
590 ## - LOCAL NOTE (RLIN)
Local note Accession number: 26560
650 #0 - SUBJECT ADDED ENTRY--TOPICAL TERM
Topical term or geographic name as entry element German language
General subdivision Verb
-- Tables.
Holdings
Withdrawn status Lost status Source of classification or shelving scheme Damaged status Not for loan Collection code Home library Current library Shelving location Date acquired Source of acquisition Cost, normal purchase price Total Checkouts Full call number Barcode Date last seen Copy number Price effective from Koha item type
    Library of Congress Classification     General Circulation AIU/NEGST - Tony Wilmot Memorial Library AIU/NEGST - Tony Wilmot Memorial Library General Stacks 12/02/2009 D. 15.00   PF 3217 .S85 1990 R07301J3232 09/26/2019 1 12/02/2009 Books